The Diatessaron of Tatian : (Record no. 41071)
[ view plain ]
| 000 -LEADER | |
|---|---|
| fixed length control field | 01108cam a2200277Ii 4500 |
| 001 - CONTROL NUMBER | |
| control field | 5515032 |
| 003 - CONTROL NUMBER IDENTIFIER | |
| control field | OSt |
| 005 - DATE AND TIME OF LATEST TRANSACTION | |
| control field | 20180315162808.0 |
| 008 - FIXED-LENGTH DATA ELEMENTS--GENERAL INFORMATION | |
| fixed length control field | 791011s1888 enk 000 0 eng d |
| 020 ## - INTERNATIONAL STANDARD BOOK NUMBER | |
| International Standard Book Number | 9789715507639 |
| 040 ## - CATALOGING SOURCE | |
| Original cataloging agency | VTS |
| Language of cataloging | eng |
| Transcribing agency | VTS |
| Modifying agency | IXT |
| -- | OCLCQ |
| -- | MUQ |
| -- | OCLCG |
| -- | KRTAS |
| -- | SGB |
| -- | OCLCQ |
| -- | OCLCO |
| -- | OCLCA |
| -- | OCLCQ |
| -- | OCLCA |
| 043 ## - GEOGRAPHIC AREA CODE | |
| Geographic area code | a-is--- |
| 130 0# - MAIN ENTRY--UNIFORM TITLE | |
| Uniform title | Bible. |
| Name of part/section of a work | Gospels. |
| Language of a work | Syriac. |
| Version | Diatessaron. |
| 245 14 - TITLE STATEMENT | |
| Title | The Diatessaron of Tatian : |
| Remainder of title | a harmony of the four Gospels compiled in the third quarter of the second century / |
| Statement of responsibility, etc | now first edited in an English form with introduction and appendices by the Rev. Samuel Hemphill. |
| 260 ## - PUBLICATION, DISTRIBUTION, ETC. (IMPRINT) | |
| Place of publication, distribution, etc | Pistacataway, NJ : : |
| Name of publisher, distributor, etc | Gorgias Press, |
| Date of publication, distribution, etc | 2011. |
| 300 ## - PHYSICAL DESCRIPTION | |
| Extent | xxxi, 78 pages ; |
| Dimensions | 28 cm. |
| 336 ## - CONTENT TYPE | |
| Content Type Term | text |
| Content Type Code | txt |
| Source | rdacontent. |
| 337 ## - MEDIA TYPE | |
| Media Type Term | unmediated |
| Media Type Code | n |
| Source | rdamedia. |
| 338 ## - CARRIER TYPE | |
| Carrier Type Term | volume |
| Carrier Type Code | nc |
| Source | rdacarrier. |
| 440 ## - SERIES STATEMENT/ADDED ENTRY--TITLE | |
| Title | Gorgias Theological Library; |
| Number of part/section of a work | 71 |
| 600 00 - SUBJECT ADDED ENTRY--PERSONAL NAME | |
| Personal name | Jesus Christ |
| General subdivision | Biography |
| -- | Sources, Biblical. |
| 650 #0 - SUBJECT ADDED ENTRY--TOPICAL TERM | |
| Topical term or geographic name as entry element | Christian biography |
| Geographic subdivision | Palestine. |
| 700 0# - ADDED ENTRY--PERSONAL NAME | |
| Personal name | Tatian, |
| Dates associated with a name | approximately 120-173. |
| 700 1# - ADDED ENTRY--PERSONAL NAME | |
| Personal name | Hemphill, Samuel, |
| Dates associated with a name | 1859-1927. |
| 942 ## - ADDED ENTRY ELEMENTS (KOHA) | |
| Source of classification or shelving scheme | Library of Congress Classification |
| Item type | Books |
| Withdrawn status | Lost status | Source of classification or shelving scheme | Damaged status | Not for loan | Home library | Current library | Shelving location | Date acquired | Source of acquisition | Cost, normal purchase price | Inventory number | Total Checkouts | Full call number | Barcode | Date last seen | Price effective from | Koha item type |
|---|---|---|---|---|---|---|---|---|---|---|---|---|---|---|---|---|---|
| Library of Congress Classification | BSOP Library | BSOP Library | Reference | 03/15/2018 | Gorgias | 4464.00 | 39752 | BS2550.T2 H37 2011 | 00049752 | 03/15/2018 | 03/15/2018 | Books |
